Top NBA players in 2k26 - Statistics

General Stats
  • This quiz has been taken 62 times
  • The average score is 13 of 15
Answer Stats
Hint Answer % Correct
97 overall Giannis Antetokounmpo
98%
95 overall Luka Doncic
98%
98 overall Nikola Jokic
98%
98 overall Shai Gilgeous-Alexander
98%
94 overall Lebron James
96%
94 overall Stephen Curry
96%
94 overall Jayson Tatum
88%
93 overall Kevin Durant
88%
94 overall Victor Wembanyama
88%
95 overall Anthony Edwards
82%
93 overall Anthony Davis
79%
93 overall Donovan Mitchell
77%
93 overall Jalen Brunson
74%
93 overall Tyrese Haliburton
72%
92 overall Kawhi Leonard
68%
No matching quizzes found
Score Distribution
Percent of People with Each Score
Percentile by Number Answered
Your Score History
You have not taken this quiz